Online katalóg knižníc regiónu Turca

Chlapec odvedľa (Record no. 22850)

MARC details
000 -LEADER
fixed length control field 00866nam a2200289 a 4500
001 - CONTROL NUMBER
control field 22850
003 - CONTROL NUMBER IDENTIFIER
control field SK-KTurca
005 - DATE AND TIME OF LATEST TRANSACTION
control field 20260429132641.0
008 - FIXED-LENGTH DATA ELEMENTS--GENERAL INFORMATION
fixed length control field 040315s2004 xo g 000 1 slo c
020 ## - INTERNATIONAL STANDARD BOOK NUMBER
International Standard Book Number 8055106991 (viaz.)
035 ## - SYSTEM CONTROL NUMBER
System control number UKB000337595
040 ## - CATALOGING SOURCE
Original cataloging agency BA001
Language of cataloging slo
Transcribing agency BA001
Description conventions AACR2
041 1# - LANGUAGE CODE
Language code of text/sound track or separate title slo
Language code of original eng
044 ## - COUNTRY OF PUBLISHING/PRODUCING ENTITY CODE
MARC country code xo
ISO country code SK
080 ## - UNIVERSAL DECIMAL CLASSIFICATION NUMBER
Universal Decimal Classification number 820-311.4
100 1# - MAIN ENTRY--PERSONAL NAME
Personal name Lloyd, Josie
245 00 - TITLE STATEMENT
Title Chlapec odvedľa
Statement of responsibility, etc. Josie Lloydová, Emlyn Rees ; [z anglického originálu preložila Mária Klenková]
260 ## - PUBLICATION, DISTRIBUTION, ETC.
Place of publication, distribution, etc. Bratislava
Name of publisher, distributor, etc. Ikar
Date of publication, distribution, etc. 2004
300 ## - PHYSICAL DESCRIPTION
Extent 255 s
650 07 - SUBJECT ADDED ENTRY--TOPICAL TERM
Topical term or geographic name entry element literatúra anglická
General subdivision romány spoločenské
650 07 - SUBJECT ADDED ENTRY--TOPICAL TERM
Topical term or geographic name entry element romány spoločenské anglické
653 ## - INDEX TERM--UNCONTROLLED
Uncontrolled term 820-311.4
700 1# - ADDED ENTRY--PERSONAL NAME
Personal name Rees, Emlyn
Relationship aut
700 1# - ADDED ENTRY--PERSONAL NAME
Personal name Klenková, Mária
Relationship trl
765 0# - ORIGINAL LANGUAGE ENTRY
Title <<The>> boy next door
Main entry heading Lloyd, Josie
-- Rees, Emlyn
942 ## - ADDED ENTRY ELEMENTS (KOHA)
Source of classification or shelving scheme Dewey Decimal Classification
Koha item type Krásna literatúra pre dospelých
Suppress in OPAC No
Holdings
Stav vyradenia Strata Poškodenie Spôsob nadobudnutia Domovská knižnica Aktuálna knižnica Dátum nadobudnutia Total checkouts Čiarový kód exemplára Date last seen Typ exemplára
      Dar Obecná knižnica Turčianska Štiavnička Obecná knižnica Turčianska Štiavnička 29.04.2026   4738001118 29.04.2026 Krásna literatúra pre dospelých
Projekt je podporený Slovenskou asociáciou knižníc
Prevádzkuje Turčianska knižnica Martin 2026